Statistics for Question Tags

Click here to take the quiz!

General Stats

  • This quiz has been taken 294 times
  • The average score is 6 of 10

Answer Stats

QuestionAnswer% Correct
You did your homework,didn't you?
77%
The hotel was quite good,wasn't it?
75%
He is late this morning,isn't he?
74%
You didn’t have any lessons this morning,did you?
68%
Ann is on holidays,isn't she?
66%
Mr Priestley doesn’t know your father,does he?
65%
You like fish,don't you?
59%
They always sleep after lunch,don't they?
53%
She cooks well,doesn't she?
47%
Mary plays football,doesn't she?
43%

Score Distribution

Percentile by Number Answered

Percent of People with Each Score

Your Score History

You have not taken this quiz